Statistiken für Großstädte in NRW

Klicken Sie hier um das Quiz zu spielen!

Allgemein

  • Dieses Quiz wurde 345 mal gespielt
  • Das Durchschnittsergebnis liegt bei 21 aus 30

Antwortstatistiken

EinwohnerStadt% Korrekt
619,477Düsseldorf
99%
1,073,096Köln
99%
587,010Dortmund
96%
579,432Essen
92%
495,152Duisburg
89%
363,441Bochum
86%
331,885Bonn
84%
249,070Aachen
83%
260,126Gelsenkirchen
83%
314,319Münster
81%
354,572Wuppertal
81%
334,002Bielefeld
77%
163,851Leverkusen
76%
208,752Oberhausen
73%
261,001Mönchengladbach
72%
179,238Hamm
69%
154,378Paderborn
65%
188,713Hagen
61%
227,050Krefeld
60%
156,621Herne
59%
111,645Bergisch Gladbach
58%
117,311Bottrop
56%
110,714Recklinghausen
56%
158,957Solingen
51%
152,531Neuss
50%
101,516Siegen
50%
170,739Mülheim an der Ruhr
49%
111,770Remscheid
46%
103,725Moers
41%
101,158Gütersloh
38%

Verteilung der Resultate

Perzentil nach korrekt beantworteten Fragen

Anzahl Personen mit jedem Resultat

Ihre Resultats-Entwicklung

Sie haben dieses Quiz noch nicht gespielt